000 00617 a2200229 4500
005 20260127102841.0
008 260122b |||||||| |||| 00| 0 eng d
020 _a9781107044708
_c$ 46.99
040 _aMAIN
082 _a572.028
_bH677M
100 _aHofmann, Andreas
245 _aMethods of molecular analysis in the life sciences
260 _bCambridge University Press
_c2014
_aCambridge
300 _axiii, 213
650 _aMolecular Biology
650 _aBiochemistry
650 _aSpectroscopy
700 _aSimon, Anne
700 _aGrkovic, Tanja
700 _aJones, Malcolm
942 _cBK
999 _c393777
_d393777